000 00979nas a2200313 4500
001 BR0205253
003 BR-BrBNA
005 20231205103331.0
007 ta
008 230509b bl.|||p| |||| 00| 00por d
040 _aBR-BrBNA
_bpor
_cBiblioteca Nacional de Agricultura
041 _a(Pt)
072 _aL02
100 1 _aRosa, P.S.
100 1 _aGuidoni, A.L.
100 1 _aLima, I.L.
100 1 _aBersch, F.X.R.
245 1 _aInfluência da temperatura de incubação em ovos de matrizes de corte com diferentes idades e classificação por peso sobre os resultados de incubação
650 _aFRANGO DE CORTE
650 _aOVO
650 _aINCUBAÇÃO
650 _aTEMPERATURA
650 _aIDADE
650 _aEMBRIÃO
650 _aMORTALIDADE
773 0 _tRevista Brasileira de Zootecnia (Brazil)
_xISSN 1516-3598
_g(Mar-Apr 2002), v. 31(2)Suplemento p. 1011-1016
_wBR0205253
909 _a202311
_bLúcia
_c55
_dLúcia Elande
942 _2AGRIS
_n0
_cANA
999 _c172318
_d172318